| 000 | 00520nam a2200181 a 4500 | ||
|---|---|---|---|
| 001 | 3960 | ||
| 005 | 20140414131911.0 | ||
| 008 | 040719s19uu xx 00 eng d | ||
| 020 | _a0-86163-018-1 | ||
| 050 |
_aER _bD35 1983 |
||
| 100 | _aDelahaye, Gilbert | ||
| 245 |
_aDebbie's visit to the countryside / _cGilbert Delahaye, Marcel Marlier. |
||
| 260 |
_aLondon : _bAward Publications, _c1983. |
||
| 300 | _a1 v. p. : ill. ; cm. | ||
| 650 |
_aVacation _xFiction. |
||
| 650 |
_aFriendship _xFiction. |
||
| 999 |
_c111218 _d111218 |
||